Relatos orales de Chiloé

Gorde:
Xehetasun bibliografikoak
Egile nagusia: Haverbeck Ojeda, Erwin (Egilea)
Formatua: Liburua
Hizkuntza:gaztelania
Argitaratua: Santiago Andrés Bello 1996
Santiago Universidad Austral de Chile 1996
Edizioa:2a. ed
Gaiak:
Etiketak: Etiketa erantsi
Etiketarik gabe, Izan zaitez lehena erregistro honi etiketa jartzen!

MARC

LEADER 00000nam a2200000 a 4500
001 UCH6096
003 CL-VaPUC
008 091109e19960000CL |||||||||||||||||spa|d
020 |a 9561314134 
082 0 4 |a Ch863  |b HAV  |2 21 
100 |a Haverbeck Ojeda, Erwin  |e author  |9 542474 
245 1 0 |a Relatos orales de Chiloé 
250 |a 2a. ed 
300 |a 228 p 
942 |c BK 
945 |d 20091109 00:00:00  |a ccalabra 
260 |a Santiago  |b Andrés Bello  |c 1996 
260 |a Santiago  |b Universidad Austral de Chile  |c 1996 
650 0 |a Literatura  |9 259151 
650 0 |a Literatura chilena   |9 308278 
650 0 |a Cuentos chilenos   |9 308280 
650 0 |a Escritores chilenos   |9 420370 
650 7 |a COSTUMBRES Y TRADICCIONES  |2 CL-VaPUC  |9 542438 
650 0 |a Ficción   |9 376687 
650 0 |a Lectura  |9 307634 
651 7 |a CHILE  |2 CL-VaPUC  |9 542475 
651 7 |a ISLA DE CHILOE  |2 CL-VaPUC  |9 321020 
583 |a last modification  |c 20130422 10:25:22  |k Rodrigo Vera 
999 |c 337056  |d 337054